Visualizzazione normale
Vista MARC
- Giordano Stefano; Roncalli Elisa, Redaelli Giampiero
di Personal Name
Records bibliografici associati: 1
001 - CONTROL NUMBER
- control field: 60864
003 - CONTROL NUMBER IDENTIFIER
- control field:
005 - DATE AND TIME OF LATEST TRANSACTION
- control field: 20240701150717.0
008 - FIXED-LENGTH DATA ELEMENTS
- fixed length control field: 240701|| aca||aabn | a|a d
040 ## - CATALOGING SOURCE
- Original cataloging agency:
- Transcribing agency:
100 ## - HEADING--PERSONAL NAME
- Personal name: Giordano Stefano; Roncalli Elisa, Redaelli Giampiero
670 ## - SOURCE DATA FOUND
- Source citation: Work cat.: ()360171: Giordano Stefano; Roncalli Elisa, Redaelli Giampiero, Una grande famiglia e i suoi primi 50 anni..., 2024